00436cam a2200169 a 4500001000800000005001700008008004100025010001700066020001500083040001800098041000800116080001600124082002000140100000700160101000800167245009100175447580520180215085044.0960205s1996 maua f 001 0 eng  a 96110683  a0669388130 aDLCcDLCdDLC aeng a808.042 SEB00a808.042 SEB2201 a47 aEDU10aWriters INC :cwritten and compiled by Patrick Sebranek, Verne Meyer, and Dave Kemper.